|
|
|
|
| LEADER |
01333nam a2200349 a 4500 |
| 001 |
EBC3116940 |
| 003 |
MiAaPQ |
| 005 |
20200520144314.0 |
| 006 |
m o d | |
| 007 |
cr cn||||||||| |
| 008 |
940228s1994 caua sb 000 0 eng |
| 010 |
|
|
|z 93073147
|
| 035 |
|
|
|a (MiAaPQ)EBC3116940
|
| 035 |
|
|
|a (Au-PeEL)EBL3116940
|
| 035 |
|
|
|a (CaPaEBR)ebr10058805
|
| 035 |
|
|
|a (OCoLC)922967038
|
| 040 |
|
|
|a MiAaPQ
|c MiAaPQ
|d MiAaPQ
|
| 050 |
|
4 |
|a HF5549.5.M5
|b P65 1994
|
| 082 |
0 |
4 |
|a 658.3/041
|2 20
|
| 100 |
1 |
|
|a Pollar, Odette.
|
| 245 |
1 |
0 |
|a Dynamics of diversity :
|b strategic programs for your organization
|h [electronic resource] /
|c Odette Pollar & Rafael Gonzalez.
|
| 260 |
|
|
|a Menlo Park, Calif. :
|b Crisp Publications,
|c c1994.
|
| 300 |
|
|
|a vii, 79 p. :
|b ill.
|
| 490 |
1 |
|
|a 50-Minute series
|
| 504 |
|
|
|a Includes bibliographical references (p. 77-78).
|
| 533 |
|
|
|a Electronic reproduction. Ann Arbor, MI : ProQuest, 2015. Available via World Wide Web. Access may be limited to ProQuest affiliated libraries.
|
| 650 |
|
0 |
|a Diversity in the workplace
|v Handbooks, manuals, etc.
|
| 655 |
|
4 |
|a Electronic books.
|
| 700 |
1 |
|
|a Gonzalez, Rafael,
|c Jr.
|
| 710 |
2 |
|
|a ProQuest (Firm)
|
| 830 |
|
0 |
|a Fifty-Minute series.
|
| 856 |
4 |
0 |
|u https://ebookcentral.proquest.com/lib/matrademy/detail.action?docID=3116940
|z Click to View
|